000 00280nam a22001097a 4500
008 151007b xxu||||| |||| 00| 0 eng d
020 _a9789987080748.
082 _a005.8 MAM
100 _aMAMBI ADAM J.
245 _aICT :
_bLAW BOOK
260 _aDAR-ES-SALAAM:
_bMKUKI NA NYOTA,
_c2010.
999 _c3392
_d3392